000 00649nam a2200241Ia 4500
003 OSt
005 20221007064557.0
006 a|||||r|||| 00| 0
007 ta
008 221006b |||||||| |||| 00| 0 eng d
024 _a12,444
037 _cReports / Technical Reports
040 _aFLL
_cFLL
_beng
041 _2eng
_aeng
082 _aV2:91:Z, M7.67
100 _aGanesan K. Au.
_9685997
245 0 _aElection law report
260 _aDelhi
_bIndia
_c1987
300 _a206p
_ccm.
490 _vVol.LXVII
942 _hV2:91:Z, M7.67
_cREP
_2CC
999 _c1134514
_d1134514